[Event "NOR-ch Elite 2017"]
[Site "Stavanger"]
[Date "2017.07.07"]
[Round "8"]
[White "Aulin-Jansson, Joran"]
[Black "Lovik, Lasse Ostebo"]
[Result "1-0"]
[WhiteElo "2267"]
[BlackElo "2400"]
[Annotator "TA"]
[PlyCount "81"]
[EventDate "2017.??.??"]
[EventType "swiss"]
[EventCountry "NOR"]
[SourceTitle "playchess.com"]
[Source "ChessBase"]
[SourceQuality "1"]

{[%evp 14,81,135,120,133,94,105,98,99,98,97,99,135,101,123,110,138,133,128,97,106,103,106,114,114,54,65,68,70,66,66,50,51,12,29,37,46,0,0,0,0,-9,-7,-7,-8,-17,8,0,0,0,0,0,0,-8,0,-10,-8,-10,-11,-28,491,489,464,489,480,477,474,478,478,468]} 1. e4 e5 2. Nf3 Nc6 3. Bb5 a6 4. Bxc6 dxc6 5. Nc3 Bd6 6. d4 f6 {C68: Ruy Lopez: Exchange Variation, sidelines} (6... exd4 7. Nxd4 Nf6 8. f3 Qe7 9. Nde2 Be6 10. Be3 O-O-O 11. Qc1 h5 12. Kf2 Bc4 13. a3 Rhe8 14. h4 Be5 15. g3 Bxe2 16. Nxe2 Nxe4+ 17. fxe4 {½-½ (25) Govedarica,R (2399)-Pavlovic,M (2520) Zlatibor 2008}) 7. dxe5 fxe5 8. Nxe5 {LiveBook: 3 Games} Nf6 {White is better.} 9. Nc4 {Strongly threatening e5.} O-O 10. Nxd6 cxd6 11. O-O Be6 $146 ({Predecessor:} 11... h6 12. h3 d5 13. exd5 Nxd5 14. Ne4 {1-0 (52) Poliushkina,D (1960)-Taimaskhanov,K (1863) Nalchik 2013}) 12. Bg5 b5 13. f3 Qc7 14. Qd2 Rad8 15. Rad1 d5 16. Bxf6 Rxf6 17. f4 Rff8 18. e5 Bf5 19. b4 (19. Ne2 $16) 19... d4 20. Ne2 c5 21. h3 d3 22. cxd3 Rxd3 23. Qb2 Rfd8 24. Rxd3 Rxd3 25. bxc5 (25. Nc1 $5 {[%cal Rc1d3]} Rd8 26. bxc5 $14) 25... Qxc5+ 26. Kh2 Bxh3 27. Qc1 ({But not} 27. gxh3 $2 Qe3 $19) 27... Qe3 28. Qxe3 Rxe3 $11 {[%mdl 4096] Endgame KRB-KRN} 29. Nd4 Rd3 30. Nc6 (30. Nxb5 $5 axb5 31. gxh3 $14) 30... Bg4 31. f5 Rc3 32. Ne7+ Kf8 33. Nd5 Rd3 34. Nc7 Re3 35. Rf4 h5 $1 36. e6 Rd3 $2 {[%mdl 8192] [#]} (36... Re5 $11 {and Black has nothing to worry.}) 37. f6 $1 $18 {White is clearly winning.} gxf6 38. Rxf6+ Kg7 39. e7 Bd7 {[#]} 40. e8=Q $1 {[%mdl 512]} Bxe8 41. Nxe8+ {Precision: White = 52%, Black = 52%.} 1-0

[Event "NOR-ch Elite 2017"]
[Site "Stavanger"]
[Date "2017.07.08"]
[Round "9"]
[White "Agdestein, Simen"]
[Black "Elsness, Frode"]
[Result "1/2-1/2"]
[WhiteElo "2604"]
[BlackElo "2450"]
[Annotator "TA"]
[PlyCount "159"]
[EventDate "2017.??.??"]
[EventType "swiss"]
[EventCountry "NOR"]
[SourceTitle "playchess.com"]
[Source "ChessBase"]
[SourceQuality "1"]

{[%evp 13,159,12,15,-10,-12,-7,6,6,6,3,13,-2,27,6,17,1,14,2,16,-20,-20,-16,-22,-23,25,-9,0,-21,-9,-66,-18,-64,-36,-95,-93,-109,-38,-51,-18,-22,-15,-24,-9,-9,-19,-25,-5,-14,11,-34,0,0,35,29,26,0,28,14,38,0,0,0,0,7,35,0,57,0,0,0,21,12,5,19,19,9,27,-7,124,59,75,40,35,50,126,114,128,0,0,0,0,0,0,0,0,0,0,0,0,0,0,0,0,0,8,8,8,8,11,8,8,0,0,0,0,0,0,0,0,0,0,0,0,0,0,0,0,0,0,0,0,0,0,0,0,0,0,0,0,0,0,0,0,0,0,0,0,0]} 1. d4 Nf6 2. Bf4 d5 3. e3 c5 4. Nc3 cxd4 5. exd4 a6 6. Nf3 {B13: Caro-Kann: Exchange Variation and Panov-Botvinnik Attack} (6. Bd3 Nc6 7. Nce2 Bg4 8. c3 e6 9. Qd2 Bh5 10. Bg5 Bg6 11. Nf4 Bxd3 12. Nxd3 Bd6 13. Nf3 {1-0 (36) Carlsen,M (2840)-Bok,B (2598) Doha 2016}) 6... Nc6 7. Ne5 e6 {LiveBook: 11 Games} 8. a3 Bd6 9. Bg3 Qc7 $146 {[%cal Rc6e5]} ({Predecessor:} 9... O-O 10. Bd3 Qc7 11. Nxc6 bxc6 {½-½ (37) Kleinert,S (2546)-Class,W (2451) Remote email 2014}) 10. Nf3 b5 11. Bd3 Bd7 12. O-O Na5 13. Ne2 O-O 14. c3 Nc4 15. Qc2 a5 16. b3 Bxg3 17. hxg3 Nd6 18. Ne5 Rfc8 19. f3 Be8 20. Qd2 Nd7 21. Ng4 (21. g4 $11) 21... f6 22. Rac1 Bf7 23. Kh2 (23. Qc2 $15) 23... a4 $17 24. b4 Nc4 ({Black should try} 24... Nb6 $17 25. Ne3 e5) 25. Bxc4 $15 Qxc4 26. Nf4 Nb6 27. Nd3 Qc6 28. Ne3 Re8 29. Rce1 Rac8 30. Nc5 Bg6 31. Qf2 Re7 32. f4 Be4 33. g4 Rf8 34. Kg1 Qe8 35. Qh4 h6 36. f5 exf5 37. Nxf5 Bxf5 38. gxf5 Rff7 39. Re6 Nd7 (39... Nc4 $11) 40. Nxd7 ({Better is} 40. Rfe1 $14 Nf8 41. Rxe7 Rxe7 42. Rxe7 Qxe7 43. Kf2) 40... Qxd7 $11 41. Rfe1 Qc7 42. Qh5 Qb7 43. Qh2 $36 {[%mdl 2048] Black is under pressure.} Qc7 44. Qxc7 Rxc7 {[%mdl 4096] Endgame KRR-KRR} 45. Rb6 Rb7 {[#]} (45... Rxc3 $11 46. Rxb5 Rxa3) 46. Re8+ (46. Rc6 $1 $16) 46... Kh7 $14 47. Rxb7 (47. Rd6 {keeps more tension.} Rfd7 48. Rde6 h5 49. Re3 Kh6 50. Rg3) 47... Rxb7 $16 {KR-KR} 48. Rc8 h5 (48... g5 $1 $14) 49. Rc5 Kh6 {[#]} 50. Rxd5 (50. Kf2 $1 $16) 50... Kg5 $11 {The position is equal.} 51. Rc5 Kf4 52. Kf2 h4 53. c4 bxc4 54. Rxc4 Kxf5 55. Kf3 Rb5 56. Rc7 g5 57. Ra7 Rb8 58. Ra5+ Kg6 59. Rxa4 Rc8 60. b5 Rc3+ $1 61. Ke4 {Hoping for b6.} g4 $1 62. b6 {Black must now prevent b7.} h3 $1 {[%cal Rh3g2]} 63. gxh3 gxh3 {( -> ...h2)} 64. Ra8 {Threatens to win with b7.} h2 65. Rh8 {Strongly threatening a4.} Rxa3 66. Rxh2 Rb3 67. Kd5 (67. Ra2 {is interesting.} Rxb6 68. Ra1 Rb2 69. Kf4 Kf7 70. Ra7+) 67... Rxb6 68. Kc5 Rb1 69. d5 f5 70. d6 Rd1 71. Kc6 f4 72. d7 (72. Rf2 $5 {[%cal Rf2f4]} Kg5 73. d7 $11) 72... Kg5 73. Rh8 (73. Rf2 {keeps more tension.} Kg4 74. Rg2+ Kh4 75. Rg6 Rc1+ 76. Kd6) 73... f3 74. d8=Q+ (74. Rf8 {with more complications.} Rxd7 75. Kxd7 Kg4 76. Ke6 Kg3 77. Kf5) 74... Rxd8 75. Rxd8 {Intending Rf8 and mate. KR-KP} Kf4 76. Kd5 {White wants to mate with Kd4.} Ke3 77. Re8+ Kd3 78. Rf8 Ke2 79. Rxf3 Kxf3 80. Ke5 {Precision: White = 45%, Black = 50%.} 1/2-1/2

[Event "NOR-ch Elite 2017"]
[Site "Stavanger"]
[Date "2017.07.08"]
[Round "9"]
[White "Tari, Aryan"]
[Black "Lie, Espen"]
[Result "1/2-1/2"]
[WhiteElo "2595"]
[BlackElo "2462"]
[Annotator "TA"]
[PlyCount "142"]
[EventDate "2017.??.??"]
[EventType "swiss"]
[EventCountry "NOR"]
[SourceTitle "playchess.com"]
[Source "ChessBase"]
[SourceQuality "1"]

{[%evp 25,142,22,21,23,23,-29,-12,-48,-35,-62,-6,-16,0,-46,-36,-33,-1,-21,0,0,35,-11,-2,-12,33,43,37,35,31,17,37,23,31,31,31,0,0,-2,-8,-69,-71,-66,25,10,23,16,47,40,115,65,64,72,77,52,46,10,12,10,16,3,28,45,39,32,142,140,140,140,160,160,161,163,204,206,210,140,240,140,147,67,147,147,241,241,282,241,241,215,401,363,484,94,94,97,158,166,166,166,177,180,163,114,119,0,0,0,0,0,0,0,0,0,0,0,0,0,0,0,0]} 1. c4 e6 2. Nc3 d5 3. d4 c5 4. cxd5 exd5 5. Nf3 Nc6 6. g3 Nf6 7. Bg2 Be7 8. O-O O-O 9. b3 Bg4 10. dxc5 Bxc5 11. Bb2 Re8 12. Na4 {D34: Tarrasch Defence: 6 g3 Nf6 7 Bg2 Be7} (12. Rc1 Bb4 13. h3 Bh5 14. a3 Bxc3 15. Bxc3 Ne4 16. Bb2 Qb6 17. g4 Bg6 18. Nd4 Rac8 19. e3 h6 20. Ne2 {1-0 (74) Mamedov,R (2651)-Ganguly,S (2626) Moscow 2013}) 12... Bf8 13. Rc1 Rc8 {LiveBook: 6 Games} 14. a3 Ne4 15. Qd3 (15. b4 $142) 15... Qd7 $146 ({Predecessor:} 15... a6 16. b4 b5 17. Nc3 Bf5 18. Qd1 Nf6 19. e3 Bg4 {1-0 (37) Hansen,C-Christensen,T (2310) Denmark 1989}) 16. Rfd1 Rcd8 17. Qb5 Nd6 (17... g6 $15) 18. Qd3 Ne4 (18... Bf5 $5 {[%cal Rf5d3]} 19. Qxd5 Rxe2 $11) 19. Re1 Be6 20. Rcd1 b6 21. Qb1 Na5 22. Nc3 Qe7 (22... Qc8 {feels hotter.} 23. Rc1 Bc5 24. Nxe4 dxe4 25. Ng5 Bf5) 23. Nxe4 (23. b4 $5 {[%cal Rb4a5]} Nc4 24. Nd4 Nxb2 25. Qxb2 Nxc3 26. Qxc3 $11) 23... dxe4 24. Nd4 {Black must now prevent b4.} Bxb3 25. Nxb3 Nxb3 {[#]} 26. Bxe4 $1 {[%mdl 512]} h6 (26... Qxe4 27. Qxe4) 27. Bd5 Nc5 28. Qf5 Ne6 29. Qf3 Ng5 30. Qg4 Qc5 31. Qf5 $132 {[%mdl 2048] White is not keeping still} Rd6 32. e4 (32. Kg2 $1 $11) 32... g6 33. Qg4 Qc8 (33... Qc2 $1 $15 34. Qe2 Qxe2 35. Rxe2 Rxe4) 34. Qxc8 $1 Rxc8 35. Rc1 Nf3+ 36. Kf1 (36. Kh1 $5 {[%cal Rc1c8]} Rcd8 37. Re3 $14) 36... Re8 (36... Rcd8 $14) 37. Red1 {aiming for Rc7.} Rd7 38. Kg2 Ng5 39. Rc6 (39. Rf1 $5 {[%cal Rd5c6]}) 39... Ne6 40. Rdc1 Bg7 41. Bxg7 Kxg7 42. a4 Nc5 43. R6xc5 bxc5 {[%mdl 4096] Endgame KRR-KRB} 44. Bc6 Red8 (44... Rdd8 $14) 45. Bxd7 $16 Rxd7 46. Rxc5 {KR-KR} Rd4 47. Ra5 Rxe4 48. Rxa7 Rb4 49. a5 Ra4 50. h4 h5 (50... Kf6 $16 {was worth a try.} 51. a6 Ra2) 51. Kf3 ({Better is} 51. a6 $1 $18) 51... Kf6 52. Ke3 (52. a6 $16) 52... Ra2 ({Black should play} 52... g5 $1 $14) 53. a6 Ke6 (53... g5 $16 {might work better.} 54. hxg5+ Kxg5) 54. Ra8 $18 Kf6 55. f3 Ra3+ 56. Ke4 Kg7 $2 (56... Ke7 57. a7 Ra1) 57. Kd5 Rxf3 58. Rc8 $2 (58. Rb8 $1 $18 {and the rest is easy.} Ra3 59. Rb6) 58... Ra3 $16 59. Rc6 {Kc5 is the strong threat.} Rxg3 {[#]} 60. Kc5 $1 Ra3 61. Kb6 g5 62. hxg5 {Threatens to win with a7.} h4 63. a7 h3 {[#]} 64. Rh6 (64. Rc3 $1 $16 {[%cal Rc3a3]} Rxc3 65. a8=Q) 64... Rb3+ $1 $11 {The position is equal.} 65. Kc7 Ra3 66. Kb7 Rb3+ $1 67. Ka6 Ra3+ 68. Kb6 {Strongly threatening Rxh3!} Rb3+ $1 69. Kc7 Ra3 70. Kb8 Rb3+ 71. Kc7 Ra3 {Precision: White = 48%, Black = 46%.} 1/2-1/2

[Event "NOR-ch Elite 2017"]
[Site "Stavanger"]
[Date "2017.07.08"]
[Round "9"]
[White "Lie, Kjetil A"]
[Black "Hammer, Jon Ludvig"]
[Result "1/2-1/2"]
[WhiteElo "2539"]
[BlackElo "2628"]
[Annotator "TA"]
[PlyCount "149"]
[EventDate "2017.??.??"]
[EventType "swiss"]
[EventCountry "NOR"]
[SourceTitle "playchess.com"]
[Source "ChessBase"]
[SourceQuality "1"]

{[%evp 12,149,4,0,15,18,29,7,6,7,12,7,21,22,25,0,0,0,0,0,-6,0,0,-5,-7,-16,81,81,81,81,81,81,81,81,81,81,81,81,81,77,77,77,77,77,84,84,84,81,84,84,84,84,84,84,85,0,86,84,84,85,85,78,79,73,72,57,58,51,55,37,64,63,65,65,65,66,83,61,64,26,27,8,8,8,8,8,8,8,93,93,93,93,93,93,93,93,93,8,8,8,93,8,8,8,93,93,93,93,93,93,93,93,93,93,93,93,93,93,93,0,93,0,93,93,93,93,93,0,0,0,0,0,0,0,0,0,0,0,0,0]} 1. c4 e5 2. e3 Nf6 3. Nc3 Bb4 4. Nge2 c6 5. a3 Ba5 {[%cal Bb4a5,Ba5c7,Bc7e5][%mdl 32]} 6. b4 {A22: English Opening: 1...e5 2 Nc3 Nf6} Bc7 7. d4 {LiveBook: 10 Games} d5 (7... O-O 8. d5 d6 9. Ng3 a5 10. Rb1 axb4 11. axb4 Nbd7 12. Bd3 {½-½ (61) Carlsen,M (2851)-Anand,V (2775) Leuven 2017}) 8. cxd5 Nxd5 9. Nxd5 cxd5 $146 ({Predecessor:} 9... Qxd5 10. Bb2 Nd7 11. Nc3 Qd6 12. d5 {1-0 (38) Cvek,R (2488)-Lipka,J (2414) Slovakia 2011}) 10. dxe5 Bxe5 11. Nd4 Qb6 12. Bb2 Nc6 13. Bb5 (13. Qe2 $5 {[%cal Rd4c6]} f6 14. Nxc6 Bxb2 15. Qxb2 bxc6 16. Be2 $14) 13... O-O {Threatens to win with ...Bxd4.} 14. Bxc6 bxc6 15. Rc1 Bd7 16. Bc3 Qa6 17. Qd2 $36 {[%mdl 2048] White is pushing.} Rfc8 18. Nb3 d4 (18... Bd6 $1 $11 {keeps the balance.}) 19. Bxd4 $16 Bxd4 20. Nxd4 Qxa3 21. O-O c5 22. Nc2 Qa4 23. Ra1 Qc6 24. bxc5 Qxc5 25. Qxd7 {Nd4 is the strong threat.} Qxc2 26. Rxa7 Rxa7 27. Qxa7 {[%mdl 4096] Endgame KQR-KQR} Qc5 28. Qd7 Qc6 29. Qf5 Qc5 30. Qg4 (30. Qb1 {feels hotter.} h5 31. h4 g6 32. Rd1 Kg7 33. g3) 30... Qc4 31. Qg3 Qc7 32. Qf3 Qc6 33. Qg3 (33. Qf4 {is more complex.} g6 34. h4 Qc4 35. Qf6 Qc2 36. g3) 33... Qc7 $1 34. Qh3 h6 35. g3 Qc2 36. Qg4 Rc6 37. Qd4 Rf6 38. e4 {[%cal Be3e4,Be4e5][%mdl 32]} Qe2 39. e5 Rf3 40. Rc1 (40. Qd1 $5 {[%cal Rd1e2]} Qe4 41. Re1 $16) 40... Rd3 41. Qc4 Rd1+ 42. Kg2 Qxc4 43. Rxc4 $14 {KR-KR} Re1 44. Rc8+ Kh7 45. f4 {Hoping for Rf8.} Re2+ 46. Kf3 Rxh2 47. f5 {Strongly threatening e6.} Rh1 48. Rf8 Re1 $1 49. Kf4 f6 (49... g5+ $11 50. Kg4 Kg7) 50. exf6 $16 gxf6 51. Rf7+ ({But not} 51. Rxf6 Rf1+ 52. Ke4 h5 $16) 51... Kg8 52. Rxf6 Kg7 53. Rg6+ Kh7 54. Re6 (54. Rb6 $16) 54... Rf1+ $11 55. Ke5 {Black must now prevent Re7+.} Rg1 (55... h5 $11) 56. Rg6 ({White should try} 56. Re7+ $1 $16 Kg8 57. Kf4) 56... Ra1 57. Rd6 {aiming for Kf6.} Rg1 {[#]} (57... h5 $1 $11 {remains equal.}) 58. Rd3 $1 $16 Kg7 59. Rd7+ Kg8 {[#]} 60. Kf4 $1 Rf1+ 61. Kg4 Rf2 62. Ra7 Rf1 63. Rb7 Rf2 64. Rc7 Rf1 65. Rd7 Rf2 $1 66. Ra7 Rf1 $1 67. Ra3 Kg7 68. Rf3 Ra1 69. f6+ ({Better is} 69. Re3 $16) 69... Kf7 $11 {The position is equal.} 70. Rf4 (70. Kh5 $5 {[%cal Rh5h6]} Rh1+ 71. Kg4 $11) 70... Ra5 71. Rf5 Ra6 72. Kh5 Ra3 73. Kh4 (73. Kxh6 $5 {[%cal Rg3g4]} Rxg3 74. Rf4 $11) 73... Ra6 74. Kh5 Ra3 75. Kxh6 {Precision: White = 58%, Black = 72%.} 1/2-1/2

[Event "NOR-ch Elite 2017"]
[Site "Stavanger"]
[Date "2017.07.08"]
[Round "9"]
[White "Arvola, Benjamin"]
[Black "Urkedal, Frode"]
[Result "0-1"]
[WhiteElo "2469"]
[BlackElo "2543"]
[Annotator "TA"]
[PlyCount "122"]
[EventDate "2017.??.??"]
[EventType "swiss"]
[EventCountry "NOR"]
[SourceTitle "playchess.com"]
[Source "ChessBase"]
[SourceQuality "1"]

{[%evp 31,122,-35,0,-27,-31,-39,-12,-13,11,18,12,24,29,22,34,27,36,39,37,35,45,29,51,35,56,61,62,61,65,42,53,64,67,50,80,54,80,79,64,22,85,87,84,60,85,84,84,6,7,8,92,79,56,0,0,-50,-50,-112,-112,-137,-101,-243,-227,-379,-106,-151,-102,-118,-62,-155,-112,-401,-346,-735,-735,-29983,-29982,-29995,-29996,-29996,-29971,-29971,-29974,-29968,-29944,-29975,-29976,-29975,-29977,-29977,-29978,-29969,-29967]} 1. e4 e5 2. Nf3 Nc6 3. Bb5 a6 4. Ba4 Nf6 5. O-O Be7 6. Re1 b5 7. Bb3 O-O 8. d4 d6 9. c3 Bg4 10. d5 Na5 11. Bc2 Qc8 12. Nbd2 {C91: Closed Ruy Lopez: 7...d6 8 c3 0-0 9 d4} (12. h3 Bd7 13. Nbd2 c6 14. dxc6 Bxc6 15. Nf1 Re8 16. Bg5 Qe6 17. b3 Rac8 18. Qd2 Nh5 19. g4 Nf6 20. Ng3 g6 21. Bh4 Nd7 22. Ng5 Bxg5 23. Bxg5 {1-0 (42) Andreikin,D (2723)-Grigoriants,S (2576) Minsk 2017}) 12... c6 13. b4 Nb7 14. h3 Bd7 15. dxc6 Qxc6 16. Bb2 Nd8 {LiveBook: 22 Games} 17. Bd3 Ne6 18. Bf1 Nf4 19. Rc1 a5 $146 ({Predecessor:} 19... Qb7 20. a3 Bc6 21. Qc2 Rac8 {0-1 (38) Kriebel,T (2484)-Mazur,S (2427) Konya 2016}) 20. a4 bxa4 21. b5 Qb7 22. Qxa4 Rfb8 {[%cal Rd7b5]} 23. c4 Be8 24. Ba3 Ne6 25. g3 Nd7 26. Nb1 Ndc5 27. Qd1 f6 (27... Nxe4 $6 28. Bg2 $16) 28. Nh4 g6 ({But not} 28... Nxe4 $2 29. Bg2 $18) 29. Nc3 Bf7 30. Nf3 a4 31. Nd5 Kg7 32. h4 h5 33. Rb1 Rd8 34. Bh3 Nb3 35. Nb4 (35. Bxe6 $5 Bxe6 36. Rb2 $11) 35... Ned4 (35... Nec5 $11 {keeps the balance.}) 36. Nxd4 $16 Nxd4 37. Bb2 Bxc4 38. Bxd4 exd4 39. Nc6 (39. Qxd4 $16 Bf7 40. Nd5) 39... Re8 $11 40. Nxd4 {White wants to play Be6.} a3 (40... Bd8 $1 $11) 41. Qc2 $16 Bf7 {Threatens to win with ...Bd8.} 42. Be6 (42. Ne6+ $1 $14 Kg8 43. Nc7) 42... Bd8 $11 43. Bxf7 (43. Bd5 $5 Bxd5 44. exd5 Rxe1+ 45. Rxe1 $11) 43... Qxf7 44. Nc6 (44. Red1 $15) 44... Bb6 $1 $17 45. Ra1 d5 46. Qb3 (46. Kh2 $17 {keeps fighting.}) 46... Rxe4 $19 47. Rf1 $2 (47. Nb4 {might work better.}) 47... Qc7 $2 (47... Qe6 $19 {has better winning chances. And now ...Qh3 would win.} 48. Kg2 Re2) 48. Kg2 $17 Qd6 {White must now prevent ...Re2.} 49. Ra2 Bc5 (49... Qc5 $17 50. Qd3 f5) 50. Rc1 {[#]} (50. Rd1 $15) 50... Rae8 $1 $36 {[%mdl 2048] aiming for ...Re2. Black is in control.} 51. Qd3 $2 {[%mdl 8192]} (51. Rxc5 $17 Qxc5 52. Rxa3) 51... Re3 52. fxe3 $2 ({Don't play} 52. Qc2 {[#]} Re2 $1 {[%mdl 512]}) (52. Qf1 Rb3 53. Rd2) 52... Rxe3 $19 53. Qd2 Rxg3+ {Black mates.} 54. Kf1 Rg1+ 55. Ke2 Rg2+ 56. Kd1 Rxd2+ 57. Rxd2 Be3 58. b6 Bxd2 59. Kxd2 Qf4+ 60. Kd1 Qf1+ 61. Kd2 Qf2+ {Precision: White = 38%, Black = 54%.} 0-1

[Event "NOR-ch Elite 2017"]
[Site "Stavanger"]
[Date "2017.07.08"]
[Round "9"]
[White "Holm, Kristian Stuvik"]
[Black "Christiansen, Johan-Sebastian"]
[Result "1/2-1/2"]
[WhiteElo "2403"]
[BlackElo "2471"]
[Annotator "TA"]
[PlyCount "63"]
[EventDate "2017.??.??"]
[EventType "swiss"]
[EventCountry "NOR"]
[SourceTitle "playchess.com"]
[Source "ChessBase"]
[SourceQuality "1"]

{[%evp 18,63,0,0,66,52,52,51,33,17,21,21,49,16,21,0,0,0,0,0,0,0,0,0,0,0,0,0,0,0,0,0,0,0,0,0,0,0,0,0,0,0,0,0,0,0,0,0]} 1. e4 c5 2. Nf3 d6 3. d4 cxd4 4. Nxd4 Nf6 5. Nc3 a6 6. Bg5 e6 7. f4 Qb6 8. Qd2 Qxb2 9. Rb1 Qa3 10. f5 {LiveBook: 710 Games} Be7 {B97: Sicilian Najdorf: Poisoned Pawn} (10... Nc6 $11) 11. fxe6 $14 Bxe6 12. Nxe6 fxe6 {White is slightly better.} 13. Bc4 $1 Nbd7 {[#] White must now prevent ...Nc5.} 14. Bxe6 ({Reject} 14. Rxb7 Nc5 $15) 14... Nc5 $1 {[%csl LRe4,LRe6]} 15. Bf5 {aiming for 0-0.} (15. Bb3 $5) 15... g6 $1 {[%cal Rg6f5] The position is equal.} 16. O-O (16. Bh3 $5 {[%cal Rd2d4]} Nfxe4 17. Nxe4 Nxe4 18. Qd4 Qc3+ 19. Qxc3 Nxc3 {[#]} 20. Bxe7 $3 {[%mdl 512]} Nxb1 21. Bf6 $14) 16... gxf5 17. Rxf5 Rf8 $1 ({Avoid the trap} 17... Nfxe4 $2 18. Nxe4 O-O-O 19. Bxe7 $18) 18. Bxf6 $1 Bxf6 {[#]} 19. Nd5 $146 O-O-O 20. Rxf6 {Threatens to win with Nb6+.} Nxe4 21. Ne7+ Kb8 22. Qd5 {[%csl Gb1][%cal Rd5b7]} Qe3+ 23. Kh1 {[%csl Gb1][%cal Rd5b7]} Nf2+ $1 24. Rxf2 $1 {[%csl Gb1][%cal Rd5b7]} Qxe7 25. Rxf8 Rxf8 26. Rxb7+ Qxb7 {[%cal Rf8f1]} 27. Qxd6+ Ka7 {[%cal Rf8f1]} 28. Qc5+ Qb6 29. Qe7+ Qb7 {[%cal Rf8f1]} 30. Qc5+ Qb6 {( -> ...Rf1+)} 31. Qe7+ Qb7 {[%cal Rf8f1]} 32. Qc5+ {Precision: White = 87%, Black = 89%.} 1/2-1/2

[Event "NOR-ch Elite 2017"]
[Site "Stavanger"]
[Date "2017.07.08"]
[Round "9"]
[White "Gronn, Atle"]
[Black "Haldorsen, Benjamin"]
[Result "1-0"]
[WhiteElo "2331"]
[BlackElo "2370"]
[Annotator "TA"]
[PlyCount "89"]
[EventDate "2017.??.??"]
[EventType "swiss"]
[EventCountry "NOR"]
[SourceTitle "playchess.com"]
[Source "ChessBase"]
[SourceQuality "1"]

{[%evp 22,89,17,17,50,54,64,45,52,60,54,69,57,42,85,45,62,41,385,392,387,393,392,383,377,376,407,410,474,458,470,483,473,470,495,500,495,503,511,506,539,519,606,595,596,593,585,551,533,573,592,587,573,577,608,556,526,499,509,502,560,497,738,500,730,722,901,890,868,847]} 1. Nf3 d5 2. d4 Nf6 3. c4 dxc4 4. e3 a6 5. Bxc4 e6 6. O-O c5 7. dxc5 Bxc5 8. Qxd8+ Kxd8 9. Ne5 {D27: Queen's Gambit Accepted: Classical main line: 7 e4!? and 7 a4} Ke7 10. Be2 Nbd7 11. Nd3 Bd6 12. Nd2 {LiveBook: 31 Games} Rd8 $146 ({Predecessor:} 12... b5 13. Nb3 Bb7 14. Na5 Bd5 15. Bd2 Rhc8 16. Rfc1 Ne5 {½-½ (66) So,W (2812)-Caruana,F (2808) Stavanger 2017}) 13. Nc4 Bc7 14. b3 Ke8 15. Ba3 Nb6 16. Nxb6 Bxb6 17. Rfd1 Ne4 18. Rac1 Bd7 19. Bf3 Bc6 $2 {[%mdl 8192] [#]} (19... f5 $1 $14) 20. Rxc6 $1 $18 {[%mdl 512]} bxc6 21. Bxe4 Rac8 22. g4 {[%cal Bg2g4,Bg4g5][%mdl 32]} c5 23. Rc1 g6 24. g5 Rd7 25. Ne5 {White is clearly winning.} Rdd8 26. Nc4 Ba7 27. Bb7 Rb8 28. Bxa6 Rd5 29. f4 Rbd8 30. Rc2 Rd1+ 31. Kg2 Re1 32. Bb5+ Kf8 33. Bb2 Rdd1 34. Be5 Rg1+ 35. Kf3 Rgf1+ 36. Rf2 Rxf2+ 37. Kxf2 Rh1 38. Kg2 Re1 39. a3 Rb1 40. Ba4 Ke7 41. Bc7 Rc1 (41... f6 $142 42. Nd6 c4 43. gxf6+ Kxf6 44. Nxc4 Rc1 45. Be5+ Kf7) 42. Ne5 Rc2+ 43. Kg3 Rc1 44. Nc6+ Kd7 45. Ba5 {Precision: White = 81%, Black = 29%.} 1-0